Die Frau in der Kurbisflasche : ostafrikanische Marchen der Burungi
Saved in:
| Main Author: | |
|---|---|
| Format: | Book |
| Language: | German |
| Published: |
Kassel :
Erich Roth,
[c1967]
|
| Series: | Das Gesicht der Volker
|
| Subjects: | |
| Tags: |
Add Tag
No Tags, Be the first to tag this record!
|
MARC
| LEADER | 00000cam a2200000 i 4500 | ||
|---|---|---|---|
| 001 | 1/32528 | ||
| 008 | 060719s1967 ger d | ||
| 035 | |l 10084701 | ||
| 040 | |a GR-MY-UA |b gre |e aacr | ||
| 041 | 0 | |a ger | |
| 082 | 0 | |a 398.209678 |2 (22) | |
| 100 | 1 | |a Kohl-Larsen, Ludwig. | |
| 245 | 1 | 4 | |a Die Frau in der Kurbisflasche : |b ostafrikanische Marchen der Burungi / |c Ludwig Kohl - Larsen |
| 260 | |a Kassel : |b Erich Roth, |c [c1967] | ||
| 300 | |a 131 σ.; |c 20 εκ. | ||
| 490 | 1 | |a Das Gesicht der Volker | |
| 650 | 0 | 0 | |a Tales |z Tanzania. |
| 830 | 0 | |a Das Gesicht der Volker | |
| 852 | |a INST |b RHODES |c KRI |e 20060719 |h 398.209678 KOH |p 005400024680 |q 005400024680 |t BK |y 0 | ||
| 901 | |a BIBL4-2006-2 | ||
| 909 | |a Ρ |b 126646 | ||
| 970 | |a ΚΟΖΑ |b ΜΑΡΙΑ |z 2006/07/19 | ||